Communes de la Sarthe en images satellites - Statistiques

Statistiques générales
  • Ce quiz a été pris 13 fois
  • Le résultat moyen est 9 sur 16
Statistiques - réponses
Par images Hint Réponse % Correct
Connue pour son zoo La Flèche
91%
Connue pour son circuit automobile Le Mans
91%
Sous-préfecture du nord du département Mamers
82%
Commune nouvelle en bord du Loir, aux portes de la Touraine Château-du-Loir (Montval-s/-Loir)
64%
Célèbre virage Mulsanne
64%
Sous-préfecture sur la Sarthe Sablé-sur-Sarthe
64%
Ancienne sous-préfecture de l'est du département Saint-Calais
64%
Commune des Alpes Mancelles Saint-Léonard-des-Bois
64%
Lieu d'une forteresse du Maine ayant appartenu à Guillaume I Sillé-le-Guillaume
55%
Ville-banlieue de la préfecture Arnage
45%
Connue pour son château en bord du Loir Le Lude
45%
Origine de production d'une rillette commerciale Connerré
36%
Commune du Perche dit "Sarthois" La Ferté-Bernard
36%
Commune de la Champagne Mancelle Conlie
27%
Commune à proximité de la Forêt de Bercé Ecommoy
18%
Commune viticole en bord du Loir La Châtre-sur-le-Loir
18%
Aucun quiz correspondant
Distribution des résultats
% des personnes avec chaque résultat
Percentile par nombre de réponses
Votre historique - résultats
Vous n’avez pas pris ce quiz